000 00546nam a2200193Ii 4500
003 JO-AjNU
008 230606s9999||||xx |||||||||||||| ||und||
040 _aJO-AjNU
_beng
_erda
_cJO-AjNU
041 _aeng
050 1 4 _aHF1411.M5613.1977
245 0 4 _aThe Multilateral Economic Co- Operation of Socialist States
250 _a1 ed
264 3 1 _aMoscow:progress publishers,1977
300 _a587p
336 _atext
_btxt
_2rdacontent
337 _aunmediated
_bn
_2rdamedia
338 _avolume
_bnc
_2rdacarrier
650 4 _aEconomic
_92867
999 _aE1502
_c1502
_d1502